Die größten deutschen Städte im Jahr 1939 - Statistiken

Allgemein
  • Dieses Quiz wurde 427 mal gespielt
  • Das Durchschnittsergebnis liegt bei 16 aus 20
Antwortstatistiken
Nr Einwohner Stadt % Korrekt
1 4.338.756 Berlin
100%
3 1.711.877 Hamburg
99%
4 829.318 München
99%
5 772.221 Köln
97%
10 553.464 Frankfurt am Main
91%
8 630.216 Dresden
90%
14 458.429 Stuttgart
90%
6 707.365 Leipzig
89%
11 542.261 Dortmund
88%
12 541.410 Düsseldorf
88%
16 423.383 Nürnberg
85%
13 470.950 Hannover
84%
19 354.109 Bremen
83%
7 666.743 Essen
83%
2 1.929.976 Wien
77%
15 434.646 Duisburg
65%
18 372.164 Königsberg
53%
9 629.565 Breslau
52%
17 401.672 Wuppertal
42%
20 337.645 Chemnitz
40%
Keine übereinstimmenden Quizze gefunden
Verteilung der Resultate
Anzahl Personen mit jedem Resultat
Perzentil nach korrekt beantworteten Fragen
Ihre Resultats-Entwicklung
Sie haben dieses Quiz noch nicht gespielt